Normal view
MARC view
Entry Personal Name
001 - CONTROL NUMBER
- control field: 254917
003 - CONTROL NUMBER IDENTIFIER
- control field: OSt
005 - DATE AND TIME OF LATEST TRANSACTION
- control field: 20260214121201.0
008 - FIXED-LENGTH DATA ELEMENTS
- fixed length control field: 260214|| aca||aabn | a|a d
040 ## - CATALOGING SOURCE
- Original cataloging agency: OSt
- Transcribing agency: OSt
100 ## - HEADING--PERSONAL NAME
- Personal name: Freeman, Saraha
670 ## - SOURCE DATA FOUND
- Source citation: Work cat.: (OSt)86547: Freeman, Saraha, Written communication in English, 1977